Los conversos en la Nueva España

Gespeichert in:
Bibliographische Detailangaben
1. Verfasser: Gojman Goldberg, Alicia (VerfasserIn)
Format: Buch
Sprache:Spanisch
Veröffentlicht: Ciudad de México, México Universidad Nacional Autónoma de México 1980
Schlagworte:
Tags: Tag hinzufügen
Keine Tags, Fügen Sie den ersten Tag hinzu!

MARC

LEADER 00000nam a2200000 a 4500
001 UCX2080
003 CL-VaPUC
005 20211009074555.0
008 910315e19800000MX |||||||||||||||||spa|d
999 |c 223176  |d 223174 
040 |c Pontificia Universidad Católica de Valparaíso 
082 0 4 |a 305.8924 GOJ 1980  |2 21 
100 0 |a Gojman Goldberg, Alicia  |e author  |9 317881 
245 1 4 |a Los conversos en la Nueva España 
260 |a Ciudad de México, México  |b Universidad Nacional Autónoma de México  |c 1980 
300 |a 235 páginas 
583 |a last modification  |c 19910315 00:00:00  |k Rodrigo Vera 
650 0 |a Inmigrantes  |z MEXICO  |z ESPAÑA  |9 317882 
650 7 |a SEFARDITAS  |2 CL-VaPUC  |9 317883  |z MEXICO 
650 0 |a Judíos  |z MEXICO  |9 313771 
650 0 |a Historia  |z MEXICO  |z ESPAÑA  |9 255047 
852 |a BIBCUR 
942 |c BK  |2 ddc 
945 |d 19910315 00:00:00 
952 |0 0  |1 0  |2 ddc  |4 0  |6 305_892400000000000_GOJ_1980  |7 0  |8 A  |9 218713  |a BIBHIS  |b BIBHIS  |d 2019-11-15  |i 2875136  |o 305.8924 GOJ 1980  |p 2875136  |r 2025-01-20  |t 1  |w 2019-11-15  |y BK  |k HIS